Handbook of nature-inspired and innovative computing : integratong classical models with emerging technologies

Saved in:
Bibliographic Details
Other Authors: Zomaya, Albert Y. (Editor)
Format: Book
Language:English
Published: New York : Springer Science+Business Media, c2006
Subjects:
Tags: Add Tag
No Tags, Be the first to tag this record!

MARC

LEADER 00000nam a2200000 i 4500
001 1/71361
008 080118s2006 eng d
020 |a 978-0387-40532-2 
020 |a 0-387-40532-1 
035 |l 10093882 
040 |a GR-MY-UA  |b gre  |e aacr 
041 0 |a eng 
082 0 |a 005.1  |2 (22) 
245 1 0 |a Handbook of nature-inspired and innovative computing :  |b integratong classical models with emerging technologies /  |c edited by Albert Y.Zomaya 
260 |a New York :   |b Springer Science+Business Media,   |c c2006 
300 |a xiv, 736 σ.;  |b διαγρ., εικ., πίν.;  |c 24 εκ. 
504 |a Περιλαμβάνει βιβλιογραφικές παραπομπές και ευρετήριο 
650 0 0 |a Evolutionary programming (Computer science)  |x Handbooks, manuals, etc. 
650 0 0 |a Computer algorithms  |x Handbooks, manuals, etc. 
650 0 0 |a Machine theory  |x Handbooks, manuals, etc. 
700 1 |a Zomaya, Albert Y.  |4 edt 
852 |a INST  |b CHIOS  |e 20080118  |h 005.1 HAN  |p 005200027895  |q 005200027895  |t BK  |y 0 
901 |a BIBL2-2008-1 
909 |a Χ  |b 143651 
922 |a 2ΕΛΗ  |b 200712  |c ΕΠΕΑΕΚ2/ΤΜΟΔ  |d ΕΛΕΥΘΕΡΟΥΔΑΚΗΣ 
970 |a ΒΑΣΙΛΑΚΗ  |b ΝΙΚΗ  |z 2008/01/18